| 000 | 01204cam a22003497a 4500 | ||
|---|---|---|---|
| 003 | CHAP | ||
| 005 | 20220329133743.0 | ||
| 008 | 971013s1979 r 00010 d | ||
| 010 | _a10389 | ||
| 011 | _a11361 | ||
| 035 | _a10599 | ||
| 040 | _cCHAP | ||
| 082 |
_a576.6 _bC4 |
||
| 100 | 0 | 0 |
_aChakravorty, Maharani _eed _921741 |
| 245 | 0 | _aMolecular basis of host-virus interaction | |
| 260 |
_aPrincenton, N.J. : _bScience Press, _c1979 |
||
| 300 |
_a582 p. _b: ilus. ; gráfs |
||
| 590 |
_aBATCH-UPD _b10 _c20130109 _lUCH01 _h2318 |
||
| 590 |
_aBATCH-UPD _b10 _c20130110 _lUCH01 _h1022 |
||
| 590 |
_aBATCH-UPD _b10 _c20130409 _lUCH01 _h1839 |
||
| 590 |
_aBATCH-UPD _b10 _c20130410 _lUCH01 _h0627 |
||
| 590 |
_aBATCH-UPD _b10 _c20130913 _lUCH01 _h1906 |
||
| 590 |
_aCONVERSION _b10 _c20130109 _lUCH01 _h1307 |
||
| 650 | 1 | 4 |
_aAcido desoxirribonucléico. _9580 |
| 650 | 1 | 4 |
_aBiofísica. _912735 |
| 650 | 1 | 4 |
_aInteracción huésped-parásito. _959512 |
| 650 | 1 | 4 |
_aVirus. _9119936 |
| 711 | 0 |
_aInternational Symposium on Molecular Basis of Host-Virus Interaction _d(1976 : _cVaranasi, India) _959945 |
|
| 901 | _aBK | ||
| 942 | _cLIBRO | ||
| 949 |
_a576.6 C4 _bBC _cLIBRO _d33724000429601 _eLIBRO _h39995 _i10599 _si _t1.10 |
||
| 999 |
_c10389 _d10389 |
||